| 000 | 00705nam a22002057a 4500 | ||
|---|---|---|---|
| 005 | 20251108174627.0 | ||
| 008 | 250721s2008 xx 000 0 ara d | ||
| 082 | 1 | 4 | _a216.113/يما |
| 100 | 1 |
_aاليماني، عبد الرحمن بن يحيى المعلمي _eمؤلف |
|
| 245 | 1 | 0 | _aرسالة في توسعة المسعى بين الصفا و المروة / |
| 264 | 1 |
_aعمان : _bالدار الأثرية، _c2008. |
|
| 300 | _a312 ص. | ||
| 650 | 1 | 7 | _aالسعي بين الصفا و المروه |
| 650 | 1 | 7 | _aالحج |
| 650 | 1 | 7 | _aالعمره |
| 650 | 1 | 7 | _aالفقه الاسلامي |
| 650 | 1 | 7 | _aالاجتهاد ( فقه اسلامي ) |
| 942 |
_2ddc _cBK |
||
| 999 |
_c113917 _d113917 |
||